000 00542nam a2200193Ia 4500
001 19125
003 GE_BSU
008 181216s||||||||xx |||||||||||||| ||und||
040 _cGE_BSU
245 _aБанковские технологии № 1-2(241) 2016
245 _cГл. ред.Ю.Н.Гордеев
260 _aМосква
260 _bфинанс медиа
260 _c2016
300 _a97стр,ил,29см
653 _aБанковские технологии
653 _aპერიოდიკა
942 _cCR
999 _c52118
_d52118